| 000 | 00956cam a2200277 a 4500 | ||
|---|---|---|---|
| 001 | 000006343 | ||
| 005 | 20200929153923.0 | ||
| 008 | 940720s1993 sp 000 d spa d | ||
| 020 | _a8475077153 | ||
| 035 | _a(DLC) 94189645 | ||
| 035 | _a(OCoLC)30797337 | ||
| 040 |
_aDO-SdBNP _cIU _dDLC _dBNPHU |
||
| 042 | _alccopycat | ||
| 082 |
_a862.64 _bV648s |
||
| 100 | 1 |
_aVidal Bolaño, Roberto, _d1950-2002 _917665 |
|
| 245 | 1 | 0 |
_aSaxo tenor : _bdesgracia arrabaldeira improbable entre loucos, chourizos, gángsters, chulos, currantes e putas / _cRoberto Vidal Bolaño. |
| 260 |
_aVigo : _bXerais de Galicia, _c1993. |
||
| 300 |
_a101 p. ; _c18 cm. |
||
| 490 | 1 |
_aOs libros do Centro Dramático Galego _v13 |
|
| 500 | _aUna obra de teatro. | ||
| 650 | 4 |
_aTeatro español _93071 |
|
| 650 | 4 |
_aLiteratura española _ySIGLO XX _93326 |
|
| 830 | 0 |
_aOs libros do Centro Dramático Galego ; _v13 _917666 |
|
| 910 | _aCatalogación por copia / LC | ||
| 049 | _aBNGR | ||
| 999 |
_c6138 _d6138 |
||